000 02632nam a2200337 i 4500
003 DO-SdBNP
005 20260521203509.0
007 ta
008 210824e2018 dr ao||gr|||| 001 edspa d
020 _a9789945169218
040 _aDO-SdBNP
_bspa
_cBNPHU
_erda
041 _aspa
082 4 _a610.711.7293
_bY47a
_222
100 1 _910149
_aYermenos Forastieri, Pedro Pablo
_eautor
_4aut.
245 1 3 _aApuntes de la promoción 1961-67-68 /
_cPablo Yermenos Forastieris ; cuidado de edición, Pablo Yermenos Forestieri ; diagramación, Juan Francisco Domínguez Novas.
250 _aPrimera edición
264 4 _aSanto Domingo :
_bEditora Búho,
_c©2018
300 _a141 páginas :
_bilustraciones, fotografías ;
_c23 cm
336 _atexto
_btxt
_2rdacontent
337 _asin mediación
_bn
_2rdamedia
338 _avolumen
_bnc
_2rdacarrier
505 _aDedicatoria, 7.-- Reflexiones (a manera de prólogo), 13.-- Introducción, 19.-- Listado de compañeros, 21.-- Listado de encuentros, 28.-- 13 Aniversario. Invitación (1), 29.-- Comité organizador, 29.-- Aviso 1 (comunicación), 30.-- Aviso 2 (cuota definitiva), 31.-- Aviso 3 (El Sol, 13-10-1980), 32.-- Cartelera AMD, 32.-- Invitación a misa, 33.-- Recordatorio, 33.-- 15 Aniversario. Fotografía colectiva, 35.-- 20 Aniversario. Fotografía colectiva, 38.-- 25 Aniversario. Comité organizador, 41.-- Comunicación (20-7-1992), 41.-- Notas de organización, 43.-- Aviso (11-11-1992), 44.-- Páginas fotográficas, 45.-- 30 Aniversario. Programa, 53.-- Fotografía colectiva, 54.-- 35 Aniversario. Anfitriones, 57.-- Fotografía colectiva, 58.-- 40 Aniversario. Nota de prensa, 61.-- Comité organizador, 61.-- Información y reuniones, 62.-- Correspondencias, 62.-- Programas, 65.-- Páginas fotográficas, 66.-- Reseña histórica (1), 71.-- Balance económico, 83.-- 45 Aniversario. Explicaciones, 85.-- Páginas fotográficas, 88.-- 48 Aniversario. Solicitud (1), 90.-- Asistentes, 92.-- Solicitud (2) y Comité organizador, 93.-- 49 Aniversario. Almuerzo de intercambio, 94.-- 50 Aniversario. Comité organizador, 95.-- Programa y guión, 95.-- Reseña histórica (2), 97.-- Páginas fotográficas, 117.-- Libros y contenidos, 123.
590 _aInventariado 2021 / MF
610 1 0 _aUniversidad Autónoma de Santo Domingo
_972951
_xEstudiantes
650 _aMédicos
_zRepública Dominicana
_981261
650 0 _aEducación médica
_xHistoria
_zRepública Dominicana
_982474
700 1 _aDomínguez Novas, Juan Francisco,
_ediagramador
_4di
_973382
700 1 _aYermenos Forastieri, Pablo,
_eeditor
_4ed.
_936154
910 _aLP
942 _2ddc
_cLBS1
999 _c50263
_d50263